Lady Gaga - ARTPOP (Pistes) - Statistiques

Statistiques générales
  • Ce quiz a été pris 23 fois
    22 depuis la dernière actualisation
  • Le résultat moyen est 9 sur 15
Statistiques - réponses
Hint Réponse % Correct
1 Aura
94%
8 ARTPOP
88%
3 G.U.Y
82%
2 Venus
82%
15 Applause
76%
9 Swine
76%
6 MANiCURE
71%
10 Donatella
65%
14 Gypsy
65%
4 Sexxx Dreams
65%
13 Dope
59%
12 Mary Jane Holland
59%
11 Fashion!
35%
7 Do What U Want (feat. R. Kelly)
12%
5 Jewels N' Drugs (feats.Too $hort, T.I. et Twista)
12%
Aucun quiz correspondant
Distribution des résultats
% des personnes avec chaque résultat
Percentile par nombre de réponses
Votre historique - résultats
Vous n’avez pas pris ce quiz depuis la dernière actualisation